The little book of philosophy / (Record no. 1800)

MARC details
000 -LEADER
fixed length control field 02185cam a22004817i 4500
001 - CONTROL NUMBER
control field data
005 - DATE AND TIME OF LATEST TRANSACTION
control field 20260322212118.0
008 - FIXED-LENGTH DATA ELEMENTS--GENERAL INFORMATION
fixed length control field data
035 ## - SYSTEM CONTROL NUMBER
System control number 20627809
010 ## - LIBRARY OF CONGRESS CONTROL NUMBER
LC control number 2018288125
020 ## - INTERNATIONAL STANDARD BOOK NUMBER
International Standard Book Number 9781465475565
020 ## - INTERNATIONAL STANDARD BOOK NUMBER
International Standard Book Number 1465475567
035 ## - SYSTEM CONTROL NUMBER
System control number (OCoLC)1032161580
040 ## - CATALOGING SOURCE
Original cataloging agency PNX
Language of cataloging eng
Transcribing agency PNX
Description conventions rda
Modifying agency DLC
-- DPL
-- YDX
-- BDX
-- OCLCF
-- D9M
-- IMT
-- DLC
042 ## - AUTHENTICATION CODE
Authentication code lccopycat
050 00 - LIBRARY OF CONGRESS CALL NUMBER
Classification number BD21
Item number .L57 2018
082 04 - DEWEY DECIMAL CLASSIFICATION NUMBER
Classification number 100
Edition information 23
245 04 - TITLE STATEMENT
Title The little book of philosophy /
Statement of responsibility, etc. editors, Cecile Landau, Andrew Szudek, Sarah Tomley ; illustrations, James Graham ; contributors, Will Buckingham, Douglas Burnham, Clive Hill [and three others].
250 ## - EDITION STATEMENT
Edition statement [Abridged edition].
264 #1 - PRODUCTION, PUBLICATION, DISTRIBUTION, MANUFACTURE, AND COPYRIGHT NOTICE
Place of production, publication, distribution, manufacture New York, New York :
Name of producer, publisher, distributor, manufacturer DK Publishing,
Date of production, publication, distribution, manufacture, or copyright notice 2018.
300 ## - PHYSICAL DESCRIPTION
Extent 199 pages :
Other physical details illustrations ;
Dimensions 20 cm
336 ## - CONTENT TYPE
Content type term text
Source rdacontent
337 ## - MEDIA TYPE
Media type term unmediated
Source rdamedia
338 ## - CARRIER TYPE
Carrier type term volume
Source rdacarrier
500 ## - GENERAL NOTE
General note Includes index.
500 ## - GENERAL NOTE
General note "Content previously published in The Philosophy Book"--Title page verso.
505 0# - FORMATTED CONTENTS NOTE
Formatted contents note The ancient world, 700 BCE-250 BCE -- Medieval and Renaissance thought, 250-1750 -- The age of revolution, 1750-1900 -- The modern world, 1900-present.
520 ## - SUMMARY, ETC.
Summary, etc. "How did the universe begin? What is truth? How can we live good live? The Little Book of Philosophy answers these questions and more. Packed with simple explanations, witty illustrations, and step-by-step diagrams that untangle complex theories, you'll find plenty of food for thought in this book, whether you're a novice, a student, or an armchair philosopher"--Page 4 of cover.
650 #0 - SUBJECT ADDED ENTRY--TOPICAL TERM
Topical term or geographic name entry element Philosophy.
650 #4 - SUBJECT ADDED ENTRY--TOPICAL TERM
Topical term or geographic name entry element Philosophy.
650 #7 - SUBJECT ADDED ENTRY--TOPICAL TERM
Topical term or geographic name entry element Philosophy.
Source of heading or term fast
Authority record control number or standard number (OCoLC)fst01060777
700 1# - ADDED ENTRY--PERSONAL NAME
Personal name Landau, Cecile
Titles and other words associated with a name (Editor),
Relator term editor.
700 1# - ADDED ENTRY--PERSONAL NAME
Personal name Szudek, Andrew
Fuller form of name (Andy)
Relator term editor.
700 1# - ADDED ENTRY--PERSONAL NAME
Personal name Tomley, Sarah,
Relator term editor.
700 1# - ADDED ENTRY--PERSONAL NAME
Personal name Graham, James
Titles and other words associated with a name (Illustrator)
700 1# - ADDED ENTRY--PERSONAL NAME
Personal name Buckingham, Will.
700 1# - ADDED ENTRY--PERSONAL NAME
Personal name Burnham, Douglas.
700 1# - ADDED ENTRY--PERSONAL NAME
Personal name Hill, Clive.
730 0# - ADDED ENTRY--UNIFORM TITLE
Uniform title Philosophy book.
906 ## - LOCAL DATA ELEMENT F, LDF (RLIN)
a 7
b cbc
c copycat
d 2
e ncip
f 20
g y-gencatlg
925 0# -
-- acquire
-- 1 shelf copy
-- policy default
Holdings
Withdrawn status Lost status Damaged status Not for loan Home library Current library Shelving location Date acquired Total checkouts Full call number Barcode Date last seen Price effective from Koha item type
        Franklin Franklin General stacks 22/03/2026   100 LOC-FRL-00036 22/03/2026 22/03/2026 Books